000 00298nam a22001337a 4500
008 170516b xxu||||| |||| 00| 0 eng d
020 _a9780312101060
041 _aeng
080 _22ND
_a94
100 _a16
101 _aSHH
245 _aTHE CRITICAL TRADITION
_cRICHTER ,D.H
942 _2udc
_cBK
999 _c13347
_d13347